Gigant zrelý na odstrel už pred siedmimi rokmi bola fabrika terajšieho Cebo Holdingu v Partizánskom zrelá na bankrot

Bibliographic Details
Main Author: Švecová, Dana (Author)
Format: Article
Language:Slovak
PhysicalDescription:Obr.
Subjects:

MARC

LEADER 00000nab a2200000 a 4500
001 vtls000688249
003 SK-MaSNL
005 20260305032834.0
008 180206c1999 xo 0 slo
015 |a SNBRB1999/03-06568 
035 |a CLN000040416 
040 |a SNKBUCL  |b slo  |c SNKBUCL  |e AACR2 
041 0 |a slo 
044 |a xo  |c SK 
080 |a 685.3:061.5(437.6)  |2 UDC-MRF-SK2 
100 1 |a Švecová, Dana  |4 aut  |9 888624 
245 1 0 |a Gigant zrelý na odstrel  |b už pred siedmimi rokmi bola fabrika terajšieho Cebo Holdingu v Partizánskom zrelá na bankrot  |c Dana Švecová 
300 |b Obr. 
610 7 |a Cebo Holding Slovakia (Partizánske, Slovensko)  |2 snkbucl  |9 1612609 
651 7 |a Partizánske (Slovensko : okres)  |2 snkbucl  |9 73600 
655 7 |a články z novín a časopisov  |2 snkbucl  |9 267496 
773 0 |t Profit  |g Roč. 7, č. 10 (1999), s. 14-15 
850 |a Slovenská národná knižnica v Martine 
852 |a SNK  |b KIS3GCP 
958 |a RBX 
999 |c 3321877  |d 3323807